Skoki Narciarskie - Medaliści IO spoza Top 7 - Statystyki

Ogólne statystyki
  • Ten quiz został rozwiązany 93 razy
  • Średni wynik to 4 z 6
Statystyki odpowiedzi
Kraj 🥇 🥈 🥉 Skoczek % Poprawnych
Szwajcaria 4x - - Simon Ammann
98%
Szwajcaria - - 1x Gregor Deschwanden
88%
Kanada - - 1x Mackenzie Boyd-Clowes
73%
Rosja - 1x - Jewgienij Klimow
69%
Kanada - - 1x Matthew Soukup
36%
Rosja - 1x - Danił Sadriejew
32%
Nie znaleziono quizów pasujących do podanych kryteriów
Rozkład punktacji
Procent ludzi z każdym wynikiem
Percentyl według liczby udzielonych odpowiedzi
Twoja historia wyników
Nie rozwiązałeś tego quizu